Arrecife
Zapisane w:
| 1. autor: | |
|---|---|
| Format: | Książka |
| Język: | hiszpański |
| Wydane: |
Santiago
Sociedad Editora Metropolitana
2001
|
| Hasła przedmiotowe: | |
| Etykiety: |
Dodaj etykietę
Nie ma etykietki, Dołącz pierwszą etykiete!
|
MARC
| LEADER | 00000nam a2200000 a 4500 | ||
|---|---|---|---|
| 001 | UCN9711 | ||
| 003 | CL-VaPUC | ||
| 008 | 011221e20010000CL |||||||||||||||||spa|d | ||
| 082 | 0 | 4 | |a Ch863 |b CAR |2 21 |
| 100 | 0 | |a Carvallo Soto, Jaime |e author |9 466250 | |
| 245 | 1 | 0 | |a Arrecife |
| 300 | |a 144 p | ||
| 942 | |c BK | ||
| 945 | |d 20011221 00:00:00 |a cmena | ||
| 260 | |a Santiago |b Sociedad Editora Metropolitana |c 2001 | ||
| 650 | 0 | |a Prosas chilenas |9 316104 | |
| 650 | 0 | |a Literatura chilena |9 308278 | |
| 583 | |a last modification |c 20011221 00:00:00 |k Rodrigo Vera | ||
| 999 | |c 298965 |d 298963 | ||
| 952 | |0 0 |1 0 |4 0 |6 CH_863_000000000000000_CAR_2001 |7 0 |8 A |9 355051 |a BIBEDU |b BIBEDU |d 2019-11-21 |i 3785874 |o Ch863 CAR 2001 |p 3785874 |r 2019-11-21 |w 2019-11-21 |y BK |k LIT | ||